Znani Niemcy - Quiz obrazkowy #2 - Statystyki

Ogólne statystyki
  • Ten quiz został rozwiązany 359 razy
  • Średni wynik to 5 z 15
Statystyki odpowiedzi
Obrazkowy Hint Odpowiedź % Poprawnych
Polityk Angela Merkel
97%
Sportowiec, Formuła 1 Michael Schumacher
64%
Profesor / reformator Martin Luther
51%
Sportowiec, Formuła 1 Sebastian Vettel
50%
Modelka, osobowość tv Heidi Klum
42%
Sportowiec Franz Beckenbauer
41%
projektant mody Karl Lagerfeld
36%
Modelka Claudia Schiffer
34%
Sportowiec, tennis Boris Becker
26%
Sportowiec, tennis Steffi Graf
23%
Sportowiec, skoki narciarskie Jens Weißflog
16%
Aktor Diane Kruger
8%
Filmowiec, reżyser Werner Herzog
5%
Aktor Nastassja Kinski
4%
Aktor Daniel Brühl
3%
Nie znaleziono quizów pasujących do podanych kryteriów
Rozkład punktacji
Procent ludzi z każdym wynikiem
Percentyl według liczby udzielonych odpowiedzi
Twoja historia wyników
Nie rozwiązałeś tego quizu